Hoạch định chiến lược kinh doanh cho ngân hàng TMCP phát triển nhà Thành phố Hồ Chí Minh chi nhánh Cần Thơ đến năm 2015 Luận văn thạc sĩ kinh tế. Chuyên ngành: Quản trị kinh doanh

Hoạch định chiến lược kinh doanh cho Ngân hàng TMCP Phát triển nhà Thành phố Hồ Chí Minh - chi nhánh Cần Thơ ( HD Bank Cần Thơ) đến năm 2015, từ đó đề xuất giải pháp khả thi nhằm nâng cao hiệu quả hoạt động kinh doanh của Ngân hàng....

ver descrição completa

Na minha lista:
Detalhes bibliográficos
Autor principal: Nguyễn, Thị Phương Linh
Formato: Livro
Idioma:Undetermined
Publicado em: Cần Thơ Đại học Cần Thơ 2013
Assuntos:
Tags: Adicionar Tag
Sem tags, seja o primeiro a adicionar uma tag!
Thư viện lưu trữ: Trung tâm Học liệu Trường Đại học Cần Thơ
LEADER 01346nam a2200229Ia 4500
001 CTU_183159
008 210402s9999 xx 000 0 und d
082 |a 658.4012 
082 |b L312 
088 |a 8340101 
100 |a Nguyễn, Thị Phương Linh 
245 0 |a Hoạch định chiến lược kinh doanh cho ngân hàng TMCP phát triển nhà Thành phố Hồ Chí Minh chi nhánh Cần Thơ đến năm 2015 
245 0 |b Luận văn thạc sĩ kinh tế. Chuyên ngành: Quản trị kinh doanh 
245 0 |c Nguyễn Thị Phương Linh ; Lưu Thanh Đức Hải ( Người hướng dẫn khoa học) 
260 |a Cần Thơ 
260 |b Đại học Cần Thơ 
260 |c 2013 
520 |a Hoạch định chiến lược kinh doanh cho Ngân hàng TMCP Phát triển nhà Thành phố Hồ Chí Minh - chi nhánh Cần Thơ ( HD Bank Cần Thơ) đến năm 2015, từ đó đề xuất giải pháp khả thi nhằm nâng cao hiệu quả hoạt động kinh doanh của Ngân hàng. 
650 |a Hoạch định chiến lược kinh doanh,Ngân hàng và hoạt động ngân hàng 
904 |i Phạm Thị Bé Ngoan 
910 |a Nguyên 
980 |a Trung tâm Học liệu Trường Đại học Cần Thơ